Barras de acero en paredes de mampostería
Shranjeno v:
| Glavni avtor: | |
|---|---|
| Format: | Knjiga |
| Jezik: | Spanish |
| Izdano: |
[San José], Costa Rica
2016
|
| Teme: | |
| Oznake: |
Označite
Brez oznak, prvi označite!
|
MARC
| LEADER | 00000nam a22000007a 4500 | ||
|---|---|---|---|
| 003 | 012537 | ||
| 005 | 20221231144143.0 | ||
| 008 | 170203b2016 cr a|||| m||| 00| ||spa d | ||
| 040 | |c cru CEDI | ||
| 090 | |a TFG 7688 | ||
| 100 | |9 6723 |a Zamora Martínez, Ricardo | ||
| 245 | |a Barras de acero en paredes de mampostería | ||
| 260 | |a [San José], Costa Rica |c 2016 | ||
| 300 | |a xi, 93[36] hojas ; ilustraciones a color | ||
| 500 | |a Proyecto de graduación (licenciatura en ingeniería civil)--Universidad de Costa Rica. Facultad de Ingeniería. Escuela de Ingeniería Civil | ||
| 650 | |x MAMPOSTERIA DE HORMIGON |x MATERIALES DE CONSTRUCCION - PRUEBAS |x VIGAS |x MAMPOSTERIA |x BARRAS DE ACERO |x BARRAS DE REFUERZO |x ESFUERZO Y TENSION - PRUEBAS |9 6724 | ||
| 942 | |c TFG | ||
| 999 | |c 17657 |d 17657 | ||
